Origin of Potassium-rich Silica-deficient Igneous Rocks

The book summarizes the occurrence, geochemistry, mineralogy, petrology and phase-equilibria studies in air and under high pressures related to the most intriguing group of potassium-rich mafic and ultramafic rocks, often including host of exotic mineral assemblages including feldspathoids. Mantle-d...

Full description

Bibliographic Details
Main Author: Gupta, Alok Krishna (Author)
Corporate Author: SpringerLink (Online service)
Format: Electronic eBook
Language:English
Published: New Delhi : Springer India : Imprint: Springer, 2015.
Series:Springer Geology
Subjects:
Online Access:Full Text via HEAL-Link
LEADER 04280nam a22004815i 4500
001 978-81-322-2083-1
003 DE-He213
005 20151029231653.0
007 cr nn 008mamaa
008 141111s2015 ii | s |||| 0|eng d
020 |a 9788132220831  |9 978-81-322-2083-1 
024 7 |a 10.1007/978-81-322-2083-1  |2 doi 
040 |d GrThAP 
050 4 |a QE351-399.2 
072 7 |a PNV  |2 bicssc 
072 7 |a SCI048000  |2 bisacsh 
082 0 4 |a 549  |2 23 
100 1 |a Gupta, Alok Krishna.  |e author. 
245 1 0 |a Origin of Potassium-rich Silica-deficient Igneous Rocks  |h [electronic resource] /  |c by Alok Krishna Gupta. 
264 1 |a New Delhi :  |b Springer India :  |b Imprint: Springer,  |c 2015. 
300 |a XXIII, 536 p. 229 illus.  |b online resource. 
336 |a text  |b txt  |2 rdacontent 
337 |a computer  |b c  |2 rdamedia 
338 |a online resource  |b cr  |2 rdacarrier 
347 |a text file  |b PDF  |2 rda 
490 1 |a Springer Geology 
505 0 |a Chapter 1. Introduction -- Chapter 2. Mineralogy -- Chapter 3. Classification -- Chapter 4. Different Localities of Potassium-Rich Silica-Undersaturated Igneous Rocks and their Silica-Rich Variants -- Chapter 5. Minor and Rare Earth Element Geochemistry of K-Rich Silica– Chapter 6. Undersaturated Igneous Rocks -- Chapter 7. Chemical and Physical Constraints for Crystallization of Feldspathoids and Melilite in Potassium-Rich Rocks -- Chapter 8. Ternary Systems with Feldspathoids -- Chapter 9. Incompatible Mineral Pairs in K-Rich Rocks -- Chapter 9. Leucite- and Feldspar-Bearing Systems -- Chapter 10. Melilite- and Leucite-Bearing Systems -- Chapter 11. Phase Relations in the System Leucite-Akermanite-Albite-SiO2 -- Chapter 12. P-T Stability of Phlogopite, K-Richterite and Phengite, as a Source of Potassium in the Mantle -- Chapter 13. Experimental Studies on K-Rich Rocks -- Chapter 14. Structural and Tectonic Evolution of K-Rich Silica-Deficient Volcanic Provinces of Different Continents -- Chapter 15. Genesis of Ultrapotassic Rocks -- Chapter 16. Petrologic Conclusions -- References. 
520 |a The book summarizes the occurrence, geochemistry, mineralogy, petrology and phase-equilibria studies in air and under high pressures related to the most intriguing group of potassium-rich mafic and ultramafic rocks, often including host of exotic mineral assemblages including feldspathoids. Mantle-derived K-rich melts had intrigued most of the founders of Geology and many of the later experts in the field of Igneous Petrology, because they are sometimes associated with carbonatites and even diamond. They tend to contain anomalous concentration of many such elements as K, Rb, Sr, U, F, P, etc., along with Ni, Co and Cr indicating a mixture of crust and mantle materials. Although these rocks occur rarely in ancient geologic time, they have been erupting mostly in modern geological history (less than last 120 Ma or so). Are the old age data real or the result of a sampling problem? Modern observations leave no doubt that sediments must be subducted on a large scale. There is now evidence that the upper mantle (and perhaps even the lower mantle) is not homogeneous but rather like a fruit cake, and that there are thermal anomalies in the mantle resulting from deep mantle plumes or subduction. Is this related to release of these unusual rocks clearing the mantle of left over subduction materials? This volume, written for those interested in the geochemistry of K-rich melts from the deep Earth, reviews the present state of knowledge of these unique igneous rocks. The author is an expert in the field of Igneous Petrology and the book will serve as a valuable reference book for researchers and academicians in the discipline. 
650 0 |a Earth sciences. 
650 0 |a Inorganic chemistry. 
650 0 |a Geochemistry. 
650 0 |a Mineralogy. 
650 1 4 |a Earth Sciences. 
650 2 4 |a Mineralogy. 
650 2 4 |a Geochemistry. 
650 2 4 |a Inorganic Chemistry. 
710 2 |a SpringerLink (Online service) 
773 0 |t Springer eBooks 
776 0 8 |i Printed edition:  |z 9788132220824 
830 0 |a Springer Geology 
856 4 0 |u http://dx.doi.org/10.1007/978-81-322-2083-1  |z Full Text via HEAL-Link 
912 |a ZDB-2-EES 
950 |a Earth and Environmental Science (Springer-11646)